[Event "CYCC U14"]
[Site "Quebec CAN"]
[Date "2008.07.14"]
[Round "2"]
[White "Inigo, Aquino"]
[Black "Cote-Lalumiere, Tristan"]
[Result "1-0"]
[WhiteElo "2045"]
[BlackElo "1724"]
[PlyCount "89"]
[GameId "2160767910354161"]
[EventDate "2008.07.14"]
[EventType "swiss"]
[EventRounds "7"]
[EventCountry "CAN"]
[SourceTitle "EXT 2011"]
[Source "ChessBase"]
[SourceDate "2011.11.26"]
[SourceVersion "1"]
[SourceVersionDate "2011.11.26"]
[SourceQuality "1"]

1. d4 e6 2. c4 d5 3. Nc3 Nf6 4. Bg5 Be7 5. e3 Nbd7 6. Nf3 b6 7. cxd5 exd5 8. Bd3 Bb7 9. O-O O-O 10. Rc1 h6 11. Bh4 Re8 12. Bb1 a6 13. Qc2 Nf8 14. Ne5 Rc8 15. Qe2 N6d7 16. Bxe7 Qxe7 17. Nxd7 Nxd7 18. Bf5 Rcd8 19. a3 Nf6 20. Na2 Ne4 21. Nb4 a5 22. Nc6 Bxc6 23. Rxc6 Nd6 24. Bd3 Rd7 25. Rfc1 Red8 26. Qc2 Ne8 27. Bb5 Nd6 28. Bd3 Ne8 29. Rc3 Qd6 30. Bb5 Re7 31. Bxe8 Rdxe8 32. Rxc7 Rd8 33. Rxe7 Qxe7 34. Qc7 Qxc7 35. Rxc7 Rd6 36. Kf1 f6 37. Ke2 Kh7 38. Kd3 h5 39. Kc3 Kh6 40. Kb3 g5 41. Ka4 Kg6 42. Kb5 f5 43. Rc6 Rxc6 44. Kxc6 h4 45. Kxd5 1-0

[Event "CYCC U14"]
[Site "Quebec CAN"]
[Date "2008.07.14"]
[Round "2"]
[White "Li, Ruokai (David)"]
[Black "Dawson, Michael"]
[Result "1-0"]
[WhiteElo "1767"]
[BlackElo "1596"]
[PlyCount "79"]
[GameId "2160767910354163"]
[EventDate "2008.07.14"]
[EventType "swiss"]
[EventRounds "7"]
[EventCountry "CAN"]

1. e4 e6 2. d4 d5 3. Nc3 Nf6 4. e5 Nfd7 5. f4 c5 6. Nf3 Nc6 7. Be3 Qb6 8. Na4 Qb4+ 9. c3 Qa5 10. dxc5 Nxc5 11. Nxc5 Bxc5 12. b4 Nxb4 13. Bxc5 Qxc5 14. cxb4 Qxb4+ 15. Qd2 Qxd2+ 16. Kxd2 a6 17. Bd3 Bd7 18. Rhc1 Ke7 19. Rc2 Rhc8 20. Rac1 Rxc2+ 21. Rxc2 Rc8 22. Rxc8 Bxc8 23. Kc3 h6 24. Kb4 Kd8 25. Nd4 Kc7 26. a4 b6 27. a5 b5 28. Kc5 Bd7 29. g4 f6 30. exf6 gxf6 31. f5 e5 32. Ne6+ Bxe6 33. fxe6 e4 34. Be2 d4 35. Kxd4 Kd6 36. Kxe4 Kxe6 37. Bxb5 axb5 38. a6 b4 39. a7 b3 40. a8=Q 1-0

[Event "CYCC U14"]
[Site "Quebec CAN"]
[Date "2008.07.14"]
[Round "2"]
[White "Marinkovic, Mate"]
[Black "Kieu, Marc-Andre"]
[Result "0-1"]
[WhiteElo "1972"]
[BlackElo "1524"]
[PlyCount "100"]
[GameId "2160767910354164"]
[EventDate "2008.07.14"]
[EventType "swiss"]
[EventRounds "7"]
[EventCountry "CAN"]
[SourceTitle "EXT 2011"]
[Source "ChessBase"]
[SourceDate "2011.11.26"]
[SourceVersion "1"]
[SourceVersionDate "2011.11.26"]
[SourceQuality "1"]

1. e4 e5 2. Nc3 Nc6 3. Bc4 Nf6 4. d3 d6 5. f4 Bg4 6. Nge2 Nd4 7. h3 Bxe2 8. Nxe2 Nxe2 9. Qxe2 Be7 10. O-O O-O 11. g4 exf4 12. Bxf4 c6 13. Rae1 d5 14. exd5 Bc5+ 15. Be3 Re8 16. Qf2 Rxe3 17. Rxe3 cxd5 18. Bb3 Qb6 19. Rfe1 Kf8 20. c3 Bxe3 21. Qxe3 Qd6 22. g5 Re8 23. Qf2 Rxe1+ 24. Qxe1 Nh5 25. Qh4 Nf4 26. Qg4 Ke7 27. d4 Ne6 28. h4 Qf4 29. Qxf4 Nxf4 30. Bc2 h6 31. gxh6 gxh6 32. Kf2 Ke6 33. Kf3 Nh5 34. Kg4 Ng7 35. Kf4 f5 36. Bd1 Kf6 37. Bf3 Ke6 38. Bd1 Ne8 39. Bc2 Nd6 40. b3 b5 41. Bd3 a6 42. a3 a5 43. Bc2 Ne4 44. Bxe4 fxe4 45. h5 Kf6 46. c4 dxc4 47. bxc4 b4 48. axb4 a4 49. b5 Ke7 50. b6 Kd7 0-1

[Event "CYCC U14"]
[Site "Quebec CAN"]
[Date "2008.07.14"]
[Round "2"]
[White "Michaelis, Nathaniel"]
[Black "Gladstone, Simon"]
[Result "0-1"]
[WhiteElo "1471"]
[BlackElo "1733"]
[PlyCount "82"]
[GameId "2160767910354165"]
[EventDate "2008.07.14"]
[EventType "swiss"]
[EventRounds "7"]
[EventCountry "CAN"]
[SourceTitle "EXT 2011"]
[Source "ChessBase"]
[SourceDate "2011.11.26"]
[SourceVersion "1"]
[SourceVersionDate "2011.11.26"]
[SourceQuality "1"]

1. e4 e6 2. d4 d5 3. Nc3 Bb4 4. e5 c5 5. Nf3 Ne7 6. Bd3 b6 7. Bd2 Ba6 8. O-O Bxd3 9. cxd3 O-O 10. a3 Bxc3 11. bxc3 Nbc6 12. Bg5 cxd4 13. cxd4 h6 14. Bh4 Qd7 15. Qa4 Nf5 16. Rac1 Nxe5 17. Qxd7 Nxd7 18. Bg3 Nxg3 19. fxg3 Rac8 20. Rb1 Rc3 21. Ne5 Nxe5 22. dxe5 Rfc8 23. a4 Rxd3 24. Rb4 Rc4 25. Rf4 Rxb4 26. Rxb4 Rc3 27. Rb2 Rc5 28. Kf2 Kf8 29. Ke3 Ke7 30. g4 f6 31. exf6+ Kxf6 32. h4 Ke5 33. Rb4 Rc4 34. Rb3 Rxg4 35. Kf3 Rxh4 36. g3 Rxa4 37. Re3+ Re4 38. Ra3 a5 39. Ra2 a4 40. Re2 Rxe2 41. Kxe2 a3 0-1

[Event "CYCC U14"]
[Site "Quebec CAN"]
[Date "2008.07.14"]
[Round "2"]
[White "Parker, Dylan"]
[Black "Zhang, David"]
[Result "0-1"]
[WhiteElo "1512"]
[BlackElo "1811"]
[PlyCount "104"]
[GameId "2160767910354166"]
[EventDate "2008.07.14"]
[EventType "swiss"]
[EventRounds "7"]
[EventCountry "CAN"]
[SourceTitle "EXT 2011"]
[Source "ChessBase"]
[SourceDate "2011.11.26"]
[SourceVersion "1"]
[SourceVersionDate "2011.11.26"]
[SourceQuality "1"]

1. e4 e5 2. Nf3 Nc6 3. Nc3 Nf6 4. Bb5 Bb4 5. O-O O-O 6. d3 d6 7. Bg5 Bxc3 8. bxc3 h6 9. Bh4 Bg4 10. h3 Bh5 11. Re1 a6 12. Ba4 b5 13. Bb3 Re8 14. Bd5 Qd7 15. Bxf6 gxf6 16. g4 Bg6 17. Qd2 Kg7 18. Nh4 Rad8 19. f4 Ne7 20. Bb3 exf4 21. Qxf4 Nc6 22. Rf1 Qe7 23. Nf5+ Bxf5 24. gxf5 Kh7 25. Kh1 Rg8 26. Rg1 Rg5 27. h4 Rgg8 28. Rxg8 Rxg8 29. Rg1 Qf8 30. Rxg8 Qxg8 31. Qf3 Qg7 32. d4 Na5 33. Qg2 Qf8 34. Qg4 Qe7 35. Kg2 c6 36. Kf3 Nc4 37. Bxc4 bxc4 38. Qf4 a5 39. Kg4 Qf8 40. Kh5 a4 41. d5 c5 42. a3 Qg7 43. Qxd6 Qg2 44. Qf4 Qe2+ 45. Qg4 Qxc2 46. Qf3 Qc1 47. Qe2 Qxc3 48. Qd1 Qd3 49. Qg4 c3 50. e5 fxe5 51. d6 Qxd6 52. Qe4 Qd1+ 0-1

[Event "CYCC U14"]
[Site "Quebec CAN"]
[Date "2008.07.14"]
[Round "2"]
[White "Sapozhnikov, Roman"]
[Black "Kleinman, Michael"]
[Result "1/2-1/2"]
[WhiteElo "2180"]
[BlackElo "2012"]
[PlyCount "42"]
[GameId "2160767910354167"]
[EventDate "2008.07.14"]
[EventType "swiss"]
[EventRounds "7"]
[EventCountry "CAN"]
[SourceTitle "EXT 2011"]
[Source "ChessBase"]
[SourceDate "2011.11.26"]
[SourceVersion "1"]
[SourceVersionDate "2011.11.26"]
[SourceQuality "1"]

1. e4 c5 2. Nf3 d6 3. d4 cxd4 4. Nxd4 Nf6 5. Nc3 a6 6. Bc4 e6 7. Bb3 Be7 8. Qe2 Qc7 9. Be3 Nc6 10. O-O-O Na5 11. g4 Nxb3+ 12. axb3 b5 13. g5 Nd7 14. Rhg1 Bb7 15. Qh5 g6 16. Qh6 Bf8 17. Qh3 e5 18. Nde2 Rc8 19. Rd2 b4 20. Nd5 Bxd5 21. exd5 Bg7 1/2-1/2

[Event "CYCC U14"]
[Site "Quebec CAN"]
[Date "2008.07.14"]
[Round "2"]
[White "Seguin, Ryan"]
[Black "Keith-Jacques, Liam"]
[Result "0-1"]
[Annotator "Brodie,Hugh"]
[WhiteElo "1386"]
[BlackElo "2040"]
[PlyCount "100"]
[GameId "2160767739706446"]
[EventDate "2008.07.14"]
[EventType "swiss"]
[EventRounds "7"]
[EventCountry "CAN"]

1. e4 c5 2. Nf3 d6 3. d4 cxd4 4. Nxd4 Nf6 5. Nc3 a6 6. Bg5 e6 7. f4 Be7 8. Qf3 Qc7 9. O-O-O Nbd7 10. Bd3 h6 11. Bh4 g5 12. fxg5 Ne5 13. Qe2 Nfg4 14. Nf3 Nxf3 15. Qxf3 hxg5 16. Bg3 Ne5 17. Qf2 b5 18. Qd2 Bd7 19. a3 Rb8 20. Na2 a5 21. b4 axb4 22. Nxb4 Qa5 23. Qc3 Bf6 24. Kb1 Ra8 25. Rhf1 Rh6 26. Rf2 Qxa3 27. Qxa3 Rxa3 28. Rdf1 Ng4 29. Rxf6 Rxf6 30. Rxf6 Nxf6 31. Bxd6 Ra8 32. h3 Rc8 33. e5 Nd5 34. g3 Nxb4 35. Bxb4 Rc7 36. Bd6 Ra7 37. Bb4 Ra4 38. c3 Bc6 39. h4 gxh4 40. gxh4 f5 41. exf6 Kf7 42. h5 Kxf6 43. Kb2 e5 44. h6 e4 45. Bc2 Ra8 46. Bc5 Kg5 47. Be3+ Kg4 48. Bd4 Kf4 49. h7 e3 50. Bd1 Bf3 {etc.} 0-1

[Event "CYCC U14"]
[Site "Quebec CAN"]
[Date "2008.07.14"]
[Round "2"]
[White "Wang, Jerry ZS"]
[Black "Prysiazny, Michael"]
[Result "0-1"]
[WhiteElo "1874"]
[BlackElo "1719"]
[PlyCount "50"]
[GameId "2160767910354168"]
[EventDate "2008.07.14"]
[EventType "swiss"]
[EventRounds "7"]
[EventCountry "CAN"]
[SourceTitle "EXT 2011"]
[Source "ChessBase"]
[SourceDate "2011.11.26"]
[SourceVersion "1"]
[SourceVersionDate "2011.11.26"]
[SourceQuality "1"]

1. e4 e5 2. Nf3 Nc6 3. Bb5 a6 4. Ba4 Nf6 5. O-O Be7 6. Re1 b5 7. Bb3 O-O 8. c3 d5 9. exd5 Nxd5 10. d4 exd4 11. Nxd4 Nxd4 12. Qxd4 Be6 13. Bxd5 Bf6 14. Qc5 Bxd5 15. Bf4 c6 16. Nd2 Bg5 17. Qd4 Bxf4 18. Qxf4 g5 19. Qd4 f5 20. Re5 Qf6 21. a4 Rad8 22. Qe3 Be4 23. Rc5 Rfe8 24. Nxe4 Rxe4 25. Qf3 Qe7 0-1

[Event "CYCC U14"]
[Site "Quebec CAN"]
[Date "2008.07.14"]
[Round "2"]
[White "Wang, Jesse BJ"]
[Black "Calugar, Arthur"]
[Result "0-1"]
[WhiteElo "1960"]
[BlackElo "2150"]
[PlyCount "36"]
[GameId "2160767910354169"]
[EventDate "2008.07.14"]
[EventType "swiss"]
[EventRounds "7"]
[EventCountry "CAN"]

1. e4 c5 2. Nc3 Nc6 3. Nf3 e5 4. Bc4 d6 5. d3 Be7 6. O-O Nf6 7. Ng5 O-O 8. f4 Bg4 9. Qe1 Nd4 10. Qh4 h5 11. Qf2 Bd7 12. fxe5 dxe5 13. Nd5 Nxd5 14. Nxf7 Qe8 15. Bxd5 Be6 16. c3 Bxd5 17. cxd4 Bxf7 18. dxc5 Bc4 0-1

[Event "CYCC U14"]
[Site "Quebec CAN"]
[Date "2008.07.15"]
[Round "3"]
[White "Calugar, Arthur"]
[Black "Cheng, Jack"]
[Result "1/2-1/2"]
[WhiteElo "2150"]
[BlackElo "2031"]
[PlyCount "114"]
[GameId "2160767910354170"]
[EventDate "2008.07.14"]
[EventType "swiss"]
[EventRounds "7"]
[EventCountry "CAN"]
[SourceTitle "EXT 2011"]
[Source "ChessBase"]
[SourceDate "2011.11.26"]
[SourceVersion "1"]
[SourceVersionDate "2011.11.26"]
[SourceQuality "1"]

1. e4 e5 2. Nf3 Nc6 3. Bb5 a6 4. Ba4 Nf6 5. O-O b5 6. Bb3 Bb7 7. c3 Nxe4 8. d4 Na5 9. Bc2 exd4 10. Bxe4 Bxe4 11. Re1 d5 12. Nxd4 c5 13. f3 cxd4 14. fxe4 Be7 15. Qxd4 O-O 16. exd5 Rc8 17. Qg4 Nc4 18. b3 Nb6 19. d6 Bxd6 20. Bg5 Qd7 21. Qxd7 Nxd7 22. Nd2 f6 23. Be3 Be5 24. Bd4 Bxd4+ 25. cxd4 Rc2 26. Nf3 Kf7 27. d5 Re8 28. Rxe8 Kxe8 29. Nd4 Rd2 30. Ne6 Nb6 31. Nxg7+ Kf7 32. Ne6 Nxd5 33. Nc5 Nf4 34. Nxa6 Rxg2+ 35. Kh1 Rb2 36. Nc7 b4 37. Na6 Nd3 38. Kg1 h5 39. Rd1 Ne5 40. Nxb4 Nf3+ 41. Kf1 Nxh2+ 42. Kg1 Nf3+ 43. Kf1 Nh2+ 44. Kg1 Nf3+ 45. Kf1 h4 46. Rd3 h3 47. Rxf3 Rb1+ 48. Ke2 h2 49. Rh3 h1=Q 50. Rxh1 Rxh1 51. Kd3 Rh3+ 52. Kc4 f5 53. a4 f4 54. Nd3 f3 55. Kd4 f2 56. Nxf2 Rxb3 57. Kc4 Ra3 1/2-1/2

[Event "CYCC U14"]
[Site "Quebec CAN"]
[Date "2008.07.15"]
[Round "3"]
[White "Dawson, Michael"]
[Black "Michaelis, Nathaniel"]
[Result "1-0"]
[WhiteElo "1596"]
[BlackElo "1471"]
[PlyCount "87"]
[GameId "2160767910354171"]
[EventDate "2008.07.14"]
[EventType "swiss"]
[EventRounds "7"]
[EventCountry "CAN"]
[SourceTitle "EXT 2011"]
[Source "ChessBase"]
[SourceDate "2011.11.26"]
[SourceVersion "1"]
[SourceVersionDate "2011.11.26"]
[SourceQuality "1"]

1. d4 Nf6 2. c4 e6 3. a3 Be7 4. Nc3 d5 5. e3 O-O 6. Nf3 Nc6 7. Ne5 Bd7 8. b4 Bd6 9. Nxd7 Qxd7 10. cxd5 Nxd5 11. Nxd5 exd5 12. Bd3 Rfe8 13. O-O Re6 14. Bf5 Bxh2+ 15. Kxh2 Rh6+ 16. Bh3 Qd6+ 17. Kg1 Qg6 18. Qg4 Qd3 19. Rd1 Qc2 20. Bd2 Rg6 21. Qf3 Rf6 22. Qxd5 Rd8 23. Qa2 Qg6 24. Qb1 Qh5 25. Qe4 Rg6 26. Kh2 Re6 27. Qf3 Qh4 28. d5 Ne5 29. Qf4 Nf3+ 30. Qxf3 Re4 31. g3 Qe7 32. Bf5 Re5 33. Bc3 Rd6 34. Bxe5 Rh6+ 35. Bh3 Qxe5 36. Qf4 Qh5 37. Qh4 Qxh4 38. gxh4 Rxh4 39. Kg3 Rh6 40. Rac1 Rg6+ 41. Kh2 Rf6 42. Rxc7 Rxf2+ 43. Kg3 Re2 44. Rc8# 1-0

[Event "CYCC U14"]
[Site "Quebec CAN"]
[Date "2008.07.15"]
[Round "3"]
[White "Kieu, Marc-Andre"]
[Black "Sapozhnikov, Roman"]
[Result "1-0"]
[WhiteElo "1524"]
[BlackElo "2180"]
[PlyCount "101"]
[GameId "2160767910354173"]
[EventDate "2008.07.14"]
[EventType "swiss"]
[EventRounds "7"]
[EventCountry "CAN"]
[SourceTitle "EXT 2011"]
[Source "ChessBase"]
[SourceDate "2011.11.26"]
[SourceVersion "1"]
[SourceVersionDate "2011.11.26"]
[SourceQuality "1"]

1. e4 c5 2. Nf3 d6 3. d4 cxd4 4. Nxd4 Nf6 5. Nc3 a6 6. Be3 e5 7. Nb3 Be6 8. Be2 Be7 9. O-O O-O 10. f4 exf4 11. Bxf4 Nc6 12. Kh1 d5 13. e5 Nd7 14. Nxd5 Ndxe5 15. Nxe7+ Qxe7 16. Qe1 Ng6 17. Bd3 Nxf4 18. Rxf4 Bxb3 19. axb3 Qxe1+ 20. Rxe1 Rae8 21. Rfe4 Rxe4 22. Rxe4 Rd8 23. g3 g6 24. Kg2 a5 25. Kf2 Nb4 26. Ke3 Nxd3 27. cxd3 Rd5 28. Kd2 Kg7 29. Kc3 Rc5+ 30. Rc4 Rb5 31. b4 b6 32. bxa5 bxa5 33. d4 Rh5 34. h4 Rf5 35. Kb3 Rd5 36. Kc3 Rf5 37. Kb3 Rf1 38. Ka4 Ra1+ 39. Kb5 Ra2 40. b3 Ra3 41. Rc3 a4 42. Kb4 Rxb3+ 43. Rxb3 axb3 44. Kxb3 h5 45. Kc4 Kf6 46. Kc5 Ke7 47. Kc6 f6 48. d5 Kd8 49. Kd6 g5 50. Ke6 Kc7 51. Ke7 1-0

[Event "CYCC U14"]
[Site "Quebec CAN"]
[Date "2008.07.15"]
[Round "3"]
[White "Kleinman, Michael"]
[Black "Inigo, Aquino"]
[Result "1-0"]
[WhiteElo "2012"]
[BlackElo "2045"]
[PlyCount "79"]
[GameId "2160767910354174"]
[EventDate "2008.07.14"]
[EventType "swiss"]
[EventRounds "7"]
[EventCountry "CAN"]
[SourceTitle "EXT 2011"]
[Source "ChessBase"]
[SourceDate "2011.11.26"]
[SourceVersion "1"]
[SourceVersionDate "2011.11.26"]
[SourceQuality "1"]

1. e4 e6 2. d4 d5 3. Bd3 dxe4 4. Bxe4 Nf6 5. Bf3 Be7 6. Ne2 O-O 7. O-O c5 8. Be3 cxd4 9. Qxd4 Nbd7 10. Rd1 Bc5 11. Qd2 Bxe3 12. Qxe3 Qc7 13. Nbc3 a6 14. a4 Ne5 15. Nd4 Neg4 16. Bxg4 Nxg4 17. Qg3 Qxg3 18. hxg3 Nf6 19. a5 Bd7 20. f3 Rfd8 21. g4 h6 22. Kf2 Rac8 23. Ra3 Be8 24. Ke2 Nd5 25. Nxd5 Rxd5 26. Rd2 Rcd8 27. c3 Kf8 28. Kd1 e5 29. Nb3 Rxd2+ 30. Nxd2 Bc6 31. Ke2 Ke7 32. c4 f6 33. Rd3 Rxd3 34. Kxd3 Kd6 35. b4 Be8 36. Ne4+ Kc6 37. Ng3 Bg6+ 38. Kc3 Kd6 39. Nf5+ Bxf5 40. gxf5 1-0

[Event "CYCC U14"]
[Site "Quebec CAN"]
[Date "2008.07.15"]
[Round "3"]
[White "Marinkovic, Mate"]
[Black "Seguin, Ryan"]
[Result "1-0"]
[WhiteElo "1972"]
[BlackElo "1386"]
[PlyCount "79"]
[GameId "2160767910354175"]
[EventDate "2008.07.14"]
[EventType "swiss"]
[EventRounds "7"]
[EventCountry "CAN"]
[SourceTitle "EXT 2011"]
[Source "ChessBase"]
[SourceDate "2011.11.26"]
[SourceVersion "1"]
[SourceVersionDate "2011.11.26"]
[SourceQuality "1"]

1. e4 e5 2. Nc3 Nf6 3. f4 d6 4. Bc4 Nc6 5. d3 Be7 6. f5 g6 7. Bh6 gxf5 8. Bg7 Rg8 9. Bxf6 Bxf6 10. Qh5 Rg7 11. Nf3 Ne7 12. h4 f4 13. Ng5 Bxg5 14. hxg5 Ng8 15. g3 f3 16. O-O Qxg5 17. Bxf7+ Kd8 18. Qxg5+ Rxg5 19. Rxf3 c6 20. Bxg8 Rxg8 21. Kh2 Bd7 22. Rf7 Rh8 23. Raf1 Ke8 24. Rg7 h6 25. Rff7 Rd8 26. Re7+ Kf8 27. Rxd7 Rxd7 28. Rxd7 b5 29. Rxa7 Rg8 30. Ra8+ Kf7 31. Rxg8 Kxg8 32. Kh3 Kg7 33. Kh4 Kg6 34. a4 bxa4 35. Nxa4 c5 36. c4 Kg7 37. Kh5 Kh7 38. Nc3 Kg7 39. Nb5 Kh7 40. Nxd6 1-0

[Event "CYCC U14"]
[Site "Quebec CAN"]
[Date "2008.07.15"]
[Round "3"]
[White "Nadeau, Emmanuel"]
[Black "Cote-Lalumiere, Tristan"]
[Result "1-0"]
[WhiteElo "1757"]
[BlackElo "1724"]
[PlyCount "101"]
[GameId "2160767910354176"]
[EventDate "2008.07.14"]
[EventType "swiss"]
[EventRounds "7"]
[EventCountry "CAN"]
[SourceTitle "EXT 2011"]
[Source "ChessBase"]
[SourceDate "2011.11.26"]
[SourceVersion "1"]
[SourceVersionDate "2011.11.26"]
[SourceQuality "1"]

1. e4 e6 2. d4 d5 3. Nc3 Nf6 4. Bg5 Be7 5. Bxf6 Bxf6 6. e5 Be7 7. Bd3 c5 8. dxc5 Bxc5 9. Nf3 Nc6 10. O-O h6 11. Qd2 O-O 12. a3 f6 13. exf6 Rxf6 14. Bb5 Qc7 15. Nxd5 Bxf2+ 16. Rxf2 exd5 17. Qxd5+ Be6 18. Qc5 Rd8 19. Bc4 Bxc4 20. Qxc4+ Kh8 21. Re1 Qb6 22. Qb3 Qa5 23. Rfe2 Qc5+ 24. Kh1 Nd4 25. Nxd4 Qxd4 26. Qb4 Qxb4 27. axb4 Rc6 28. c3 Rd7 29. g3 Kh7 30. Kg2 Rcd6 31. Re7 Kg6 32. R1e6+ Rxe6 33. Rxd7 Rb6 34. Kf3 Kf6 35. Ke4 g5 36. g4 Kg6 37. Ke5 Rb5+ 38. Rd5 a6 39. Rxb5 axb5 40. b3 h5 41. h3 hxg4 42. hxg4 b6 43. Kd6 Kf6 44. c4 Kf7 45. Kc6 Ke6 46. Kxb6 Ke5 47. c5 Kf4 48. c6 Kxg4 49. c7 Kf3 50. c8=Q g4 51. Qxg4+ 1-0

[Event "CYCC U14"]
[Site "Quebec CAN"]
[Date "2008.07.15"]
[Round "3"]
[White "Parker, Dylan"]
[Black "Wang, Jerry ZS"]
[Result "1-0"]
[WhiteElo "1512"]
[BlackElo "1874"]
[PlyCount "67"]
[GameId "2160767910354177"]
[EventDate "2008.07.14"]
[EventType "swiss"]
[EventRounds "7"]
[EventCountry "CAN"]
[SourceTitle "EXT 2011"]
[Source "ChessBase"]
[SourceDate "2011.11.26"]
[SourceVersion "1"]
[SourceVersionDate "2011.11.26"]
[SourceQuality "1"]

1. e4 e5 2. Nf3 Nc6 3. Nc3 Nf6 4. Bb5 Nd4 5. Ba4 Nxf3+ 6. Qxf3 c6 7. d3 b5 8. Bb3 a5 9. a3 d6 10. h3 Be7 11. g4 h6 12. g5 hxg5 13. Bxg5 Be6 14. Bxe6 fxe6 15. Ke2 Nh5 16. Be3 Bg5 17. Qg4 Bxe3 18. Qxe6+ Qe7 19. Qxe7+ Kxe7 20. Kxe3 Nf4 21. Rag1 Kf6 22. h4 b4 23. Ne2 Nxe2 24. Kxe2 bxa3 25. bxa3 Rab8 26. Kd2 c5 27. Rg4 Rbf8 28. Rhg1 Ke6 29. Ke3 Rf6 30. f3 Rhf8 31. R1g3 Rf4 32. Rg6+ R8f6 33. Rxf6+ Kxf6 34. Rg4 1-0

[Event "CYCC U14"]
[Site "Quebec CAN"]
[Date "2008.07.15"]
[Round "3"]
[White "Xiong, Jerry"]
[Black "Li, Ruokai (David)"]
[Result "1-0"]
[WhiteElo "2205"]
[BlackElo "1767"]
[PlyCount "69"]
[GameId "2160767910354178"]
[EventDate "2008.07.14"]
[EventType "swiss"]
[EventRounds "7"]
[EventCountry "CAN"]

1. e4 e6 2. d4 d5 3. Nc3 Nf6 4. Bg5 Be7 5. e5 Nfd7 6. Bxe7 Qxe7 7. Nf3 a6 8. Bd3 c5 9. dxc5 Nc6 10. Qe2 Nxc5 11. O-O Nxd3 12. cxd3 O-O 13. d4 f6 14. Rad1 Qc7 15. Rfe1 Bd7 16. exf6 gxf6 17. Nh4 Kh8 18. Qh5 Rg8 19. Qh6 Raf8 20. Re3 Qd6 21. Ne2 Nd8 22. Nf4 Be8 23. Rde1 Qb4 24. Nxd5 Qxd4 25. Ne7 Bf7 26. Nxg8 Rxg8 27. Rg3 Qxb2 28. Rd1 Nc6 29. Rb3 Qe5 30. Rxb7 Qe2 31. Qxf6+ Rg7 32. Rdb1 Ne5 33. Rb8+ Bg8 34. Rxg8+ Kxg8 35. Rb8# 1-0

[Event "CYCC U14"]
[Site "Quebec CAN"]
[Date "2008.07.15"]
[Round "4"]
[White "Cheng, Jack"]
[Black "Keith-Jacques, Liam"]
[Result "1-0"]
[WhiteElo "2031"]
[BlackElo "2040"]
[PlyCount "81"]
[GameId "2160767910354180"]
[EventDate "2008.07.14"]
[EventType "swiss"]
[EventRounds "7"]
[EventCountry "CAN"]
[SourceTitle "EXT 2011"]
[Source "ChessBase"]
[SourceDate "2011.11.26"]
[SourceVersion "1"]
[SourceVersionDate "2011.11.26"]
[SourceQuality "1"]

1. e4 c5 2. Nf3 d6 3. d4 cxd4 4. Nxd4 Nf6 5. Nc3 a6 6. Be2 e5 7. Nb3 Be6 8. O-O Be7 9. Be3 O-O 10. f4 exf4 11. Bxf4 Nc6 12. Qe1 b5 13. Bf3 Ne8 14. Kh1 Ne5 15. Bxe5 dxe5 16. Rd1 Qc7 17. Nd5 Bxd5 18. exd5 Bd6 19. Be4 g6 20. g4 a5 21. Qg3 Ng7 22. Rf6 Ne8 23. Rf3 f6 24. Rc3 Qg7 25. Rf3 b4 26. Qf2 Qc7 27. Nd2 Kg7 28. c4 Bc5 29. Qh4 Nd6 30. Rh3 h5 31. Bxg6 Rh8 32. gxh5 Rh6 33. Qg4 Kh8 34. Qe6 Kg7 35. Rg3 Rf8 36. Rf1 Qc8 37. Qe7+ Kh8 38. Rxf6 Nf7 39. Bxf7 Rh7 40. Qxe5 Rg7 41. Rh6# 1-0

[Event "CYCC U14"]
[Site "Quebec CAN"]
[Date "2008.07.15"]
[Round "4"]
[White "Cote-Lalumiere, Tristan"]
[Black "Seguin, Ryan"]
[Result "1/2-1/2"]
[WhiteElo "1724"]
[BlackElo "1386"]
[PlyCount "56"]
[GameId "2160767910354181"]
[EventDate "2008.07.14"]
[EventType "swiss"]
[EventRounds "7"]
[EventCountry "CAN"]
[SourceTitle "EXT 2011"]
[Source "ChessBase"]
[SourceDate "2011.11.26"]
[SourceVersion "1"]
[SourceVersionDate "2011.11.26"]
[SourceQuality "1"]

1. e4 e5 2. f4 Bc5 3. Nf3 d6 4. Bc4 Bg4 5. h3 Bxf3 6. Qxf3 Nc6 7. c3 Qf6 8. d3 O-O-O 9. a4 a6 10. Rf1 Nge7 11. b4 Ba7 12. Be3 Bxe3 13. Qxe3 Kb8 14. fxe5 Qxe5 15. d4 Qh5 16. Nd2 Rhf8 17. b5 Na5 18. Be2 Qh4+ 19. Kd1 d5 20. bxa6 b6 21. exd5 Nxd5 22. Qd3 g6 23. Bf3 Qg5 24. Re1 Rfe8 25. Ne4 Qh4 26. g3 Qe7 27. Kc2 Qd7 28. Qb5 c6 1/2-1/2

[Event "CYCC U14"]
[Site "Quebec CAN"]
[Date "2008.07.15"]
[Round "4"]
[White "Inigo, Aquino"]
[Black "Marinkovic, Mate"]
[Result "1/2-1/2"]
[WhiteElo "2045"]
[BlackElo "1972"]
[PlyCount "86"]
[GameId "2160767910354182"]
[EventDate "2008.07.14"]
[EventType "swiss"]
[EventRounds "7"]
[EventCountry "CAN"]
[SourceTitle "EXT 2011"]
[Source "ChessBase"]
[SourceDate "2011.11.26"]
[SourceVersion "1"]
[SourceVersionDate "2011.11.26"]
[SourceQuality "1"]

1. d4 d5 2. c4 e6 3. Nc3 c5 4. cxd5 exd5 5. e3 Nf6 6. Nf3 Be6 7. dxc5 Bxc5 8. Be2 Nc6 9. Nd4 Bxd4 10. exd4 O-O 11. Be3 Rc8 12. O-O Na5 13. Qd2 Nc4 14. Bxc4 Rxc4 15. Bg5 h6 16. Bh4 Ne4 17. Nxe4 Qxh4 18. b3 Rc6 19. Nc5 b6 20. Nxe6 Rxe6 21. Rfe1 Rfe8 22. Rxe6 Rxe6 23. Rc1 Qe4 24. Kf1 Re7 25. Re1 Qxe1+ 26. Qxe1 Rxe1+ 27. Kxe1 Kf8 28. Kd2 Ke7 29. Ke3 Ke6 30. Kf4 f5 31. h4 g6 32. Ke3 g5 33. hxg5 hxg5 34. Kd3 Kd6 35. Kc3 Kc6 36. Kb4 a6 37. Ka4 Kb7 38. Ka3 Kc6 39. Kb4 Kd6 40. Kc3 Kc6 41. Kd3 Kd6 42. g3 b5 43. b4 Ke6 1/2-1/2

[Event "CYCC U14"]
[Site "Quebec CAN"]
[Date "2008.07.15"]
[Round "4"]
[White "Kleinman, Michael"]
[Black "Calugar, Arthur"]
[Result "0-1"]
[WhiteElo "2012"]
[BlackElo "2150"]
[PlyCount "104"]
[GameId "2160767910354183"]
[EventDate "2008.07.14"]
[EventType "swiss"]
[EventRounds "7"]
[EventCountry "CAN"]
[SourceTitle "EXT 2011"]
[Source "ChessBase"]
[SourceDate "2011.11.26"]
[SourceVersion "1"]
[SourceVersionDate "2011.11.26"]
[SourceQuality "1"]

1. e4 c5 2. Nc3 Nc6 3. Bb5 g6 4. Bxc6 dxc6 5. d3 Bg7 6. Be3 b6 7. Qd2 e5 8. Nge2 Be6 9. b3 Qe7 10. O-O Rd8 11. a4 f5 12. Bg5 Bf6 13. Bxf6 Nxf6 14. f4 exf4 15. exf5 Bxf5 16. Rae1 O-O 17. Ng3 Be6 18. Rxf4 Qd7 19. Nge4 Ng4 20. Ref1 Rxf4 21. Qxf4 Qd4+ 22. Kh1 Bf5 23. h3 Ne3 24. Ne2 Qb2 25. Qxe3 Qxc2 26. Qg5 Rf8 27. Nf6+ Rxf6 28. Qxf6 Qxe2 29. Qa1 Qxd3 30. Rd1 Qc2 31. Rd8+ Kf7 32. Qe5 Qf2 33. Rh8 g5 34. Qc7+ Kg6 35. Rg8+ Kh5 36. Qf7+ Kh4 37. Qc4+ Qf4 38. g3+ Kxg3 39. Qc3+ Kh4 40. Qe1+ Kxh3 41. Qc3+ Kg4 42. Re8 Be4+ 43. Kg1 Bf3 44. Qc2 Qg3+ 45. Kf1 Qh3+ 46. Ke1 Qh1+ 47. Kd2 Qg2+ 48. Kc3 Qxc2+ 49. Kxc2 h5 50. Kd3 h4 51. Re1 h3 52. Rg1+ Kf4 0-1